Logo de la biblioteca USCO

Recepción y mediaciones : casos de investigación en América Latina / Coordinador Guillermo Orózco Gómez ... | [et al.] (Record no. 21088)

000 -CABECERA
campo de control de longitud fija 02667nam a22004697a 4500
008 - LONGITUD FIJA
campo de control de longitud fija 140202b ck ||||| |||| 00| 0 spa d
020 ## - INTERNATIONAL STANDARD BOOK NUMBER
ISBN 987-545-067-7
100 1# - AUTOR PERSONAL
nombre Orozco Gómez, Guillermo
9 (RLIN) 71461
245 10 - TÍTULO PROPIAMENTE DICHO
título Recepción y mediaciones : casos de investigación en América Latina / Coordinador Guillermo Orózco Gómez ...
245 10 - TÍTULO PROPIAMENTE DICHO
título [et al.]
264 ## - PIE DE IMPRENTA
lugar (ciudad) Buenos Aires : Norma, 2002
300 ## - DESCRIPCIÓN FÍSICA
Extensión 162 p. ; 18 cm.
490 0# - SERIE
serie Enciclopedia Latinoamericana de Sociocultura y Comunicación
numeración de serie No. 20
9 (RLIN) 96740
505 00 - NOTA DE CONTENIDO
Nota de contenido Travesías de la recepción en América Latina / Guillermo Orozco -- Historia de familia y etnografía,
505 00 - NOTA DE CONTENIDO
Nota de contenido procedimientos metodológicos para un análisis integrado / Nilda Jacks -- Mediaciones y poder / Inesita Araújo
505 00 - NOTA DE CONTENIDO
Nota de contenido -- El discurso amoroso: un escenario para estudiar la recepción / Sarah Corona -- Hablar de los hablantes:
505 00 - NOTA DE CONTENIDO
Nota de contenido aproximación al discurso de la prensa escrita mexicana acerca del talk show / Martha Renero -- La construcción
505 00 - NOTA DE CONTENIDO
Nota de contenido del público desde el pensamiento nacional en la Argentina. La revista Crisis, un estudio de caso / Florencia
505 00 - NOTA DE CONTENIDO
Nota de contenido Saintout -- Estrategia de comunicación: una mirada comunicacional para la investigación sociocultural / Sandra
505 00 - NOTA DE CONTENIDO
Nota de contenido H. Massoni -- La cultura política desde la recepción: algunas notas teórico-metodológicas / Jorge Calles.
520 ## - RESUMEN
Resumen Dice Guillermo Orozco Gómez: Este libro reúne corrientes, intereses y ámbitos de investigación diversos,
520 ## - RESUMEN
Resumen unidos por la convicción de que los procesos comunicativos a distintos niveles -y las interacciones mediáticas
520 ## - RESUMEN
Resumen en particular- son un campo fértil y necesario de exploración de los sujetos sociales contemporáneos. La
520 ## - RESUMEN
Resumen recepción en estas páginas es entendida en un sentido amplio en el que tiene cabida desde la típica percepción
520 ## - RESUMEN
Resumen de un programa, hasta la negociación y resistencia de los habitantes de una región particular frente a la
520 ## - RESUMEN
Resumen información que emana del poder.
521 ## - NOTA DE PÚBLICO DESTINATARIO
nota 1 ej.
590 ## - NOTA LOCAL (RLIN)
Nota local Bibliografía p. 153-162
700 1# - COAUTOR PERSONAL
Nombre de persona Jacks, Nilda
9 (RLIN) 51087
700 1# - COAUTOR PERSONAL
Nombre de persona Araújo, Inesita
9 (RLIN) 27946
700 1# - COAUTOR PERSONAL
Nombre de persona Corona, Sarah
9 (RLIN) 37929
700 1# - COAUTOR PERSONAL
Nombre de persona Renero, Martha
9 (RLIN) 77745
700 1# - COAUTOR PERSONAL
Nombre de persona Saintout, Florencia
9 (RLIN) 81377
700 1# - COAUTOR PERSONAL
Nombre de persona Massoni, Sandra H.
9 (RLIN) 65838
700 1# - COAUTOR PERSONAL
Nombre de persona Calles, Jorge
9 (RLIN) 33784
082 04 - CLASIFICACIÓN DECIMAL DEWEY
Clasificación 302.2 / O99r
650 14 - MATERIA GENERAL
Término de materia o nombre geográfico como elemento inicial Sociologia de la cultura
9 (RLIN) 132233
650 14 - MATERIA GENERAL
Término de materia o nombre geográfico como elemento inicial Comunicacion social
9 (RLIN) 104101
650 14 - MATERIA GENERAL
Término de materia o nombre geográfico como elemento inicial Cultura politica
9 (RLIN) 105595
650 14 - MATERIA GENERAL
Término de materia o nombre geográfico como elemento inicial Medios de comunicacion
9 (RLIN) 116128
650 14 - MATERIA GENERAL
Término de materia o nombre geográfico como elemento inicial Fondo ciencias sociales
9 (RLIN) 110921

No items available.

Powered by Koha